00643nam a22001577a 4500003000900000008004100009040007100050082001700121100001800138245004600156260004900202300004000251505013600291650003700427650002100464AR-CdUCM190528b ||||| |||| 00| 0 spa d aMUNICIPALIDAD PROVINCIAL DEL CUSCOcBIBLIOTECA MUNICIPAL DEL CUSCO a335.4 /bA75 aA. Arnóldov aEl leninismo y la revolución cultural / aMoscu :bAgencia de prensa nóvosti,c1975. a78 páginas ;bFotos a b/nc17 cm. aContenido : El socialismo y la herencia cultural -- La ciencia para el pueblo -- La unión fraternal de las culturas nacionales... aRevolución cultural socialista aLucha por la paz